00387nam a22001337a 450000500170000002000230001703500230004003700130006310000210007624500630009726000590016030000190021970000150023820180803162849.0 a8189161881c650.00 aB-217068, B-217074 aDPLbENG aMahajan, Promila aStatus of child labour /cby Promila, Mahajan and S. Chand aNew DelhibAdhyayan Publishers and Distributors c2006 a260p.c20 cms. aChand, S.